| 000 | 01163nam a2200325 a 4500 | ||
|---|---|---|---|
| 001 | BRL_1344 | ||
| 005 | 20190320211146.0 | ||
| 008 | 070114s1988----mx-ao#####---#000-0#spa-# | ||
| 020 | _a9688421685 | ||
| 041 | _aspa | ||
| 044 | _amx | ||
| 050 | 4 |
_aF1221.Z6 _b.C67 1988 |
|
| 100 | 1 |
_aCordry, Donald Bush _9413 |
|
| 245 | 1 | 0 |
_aTrajes y tejidos de los indios zoques de Chiapas, México _cDonald B. y Dorothy M. Cordry ; traducción de Andrés Fábregas Puig. |
| 260 |
_aMéxico _bGobierno del Estado de Chiapas : Miguel Ángel Porrúa _c1988 |
||
| 300 |
_a178 p. _bil. _c21 cm. |
||
| 500 | _aIncluye dedicatoria a Ruth Lechuga | ||
| 500 | _aTraducción de: Costumes and weaving of the Zoque Indians of Chiapas, Mexico. | ||
| 500 | _aAu1572 | ||
| 504 | _aBibliografía : p. 173-176 | ||
| 650 | 1 | 4 |
_aZoques _xIndumentaria _926587 |
| 650 | 1 | 4 |
_aFábricas textiles zoque _9415 |
| 650 | 1 | 4 |
_aZoques _xVida social y costumbres _926588 |
| 651 | 4 |
_aChiapas (México) _xVida social y costumbres _9417 |
|
| 653 | 0 | _aTextiles - Chiapas | |
| 700 | 1 |
_aCordry, Dorothy M. _926589 |
|
| 700 | 1 |
_aFábregas Puig, Andrés _eil. _926590 |
|
| 902 | _aGRL | ||
| 942 |
_2lcc _cB |
||
| 999 |
_c10156 _d10156 |
||